| 000 | 00372nam a2200133 i 4500 | ||
|---|---|---|---|
| 001 | 66294 | ||
| 003 | ES-MaACL | ||
| 007 | t| | ||
| 008 | 040203s1957 sp ||||1| spa d | ||
| 245 | 0 | 0 |
_aGaleria de gallegos ilustres _b: primera serie. |
| 260 |
_aVigo : _bMonterrey, _c[1957] ( _fFaro de Vigo) |
||
| 300 |
_a58 p. : _bil. ; _c25 cm. |
||
| 852 |
_aES-MaACL _jE-3971 _bR.40127 |
||
| 999 |
_c66294 _d66294 |
||